[Event "Lichtenberger Sommer 2024"]
[Site "Berlin"]
[Date "2024.08.13"]
[Round "4.45"]
[White "Langer, Niklas"]
[Black "Reiche, Andreas"]
[Result "0-1"]
[WhiteElo "1753"]
[BlackElo "1939"]
[PlyCount "126"]
[EventDate "2024.08.10"]
[WhiteTeam "SC Eintracht Berlin e.V."]
[BlackTeam "SV Berolina Mitte e.V."]

1. d4 Nf6 2. Nc3 d5 3. Bf4 a6 4. e3 g6 5. a3 Bg7 6. h4 h5 7. Nf3 Nbd7 8. Qd2 c5
9. Ne5 Qb6 10. O-O-O c4 11. f3 Qa5 12. e4 e6 13. Qe1 O-O 14. Nxd5 Qxe1 15.
Nxf6+ Bxf6 16. Rxe1 Bxe5 17. Bxe5 Nxe5 18. dxe5 b5 19. Rd1 Bb7 20. Rd7 Rab8 21.
Be2 Rfc8 22. Rhd1 Kf8 23. R1d4 Ke8 24. Kd2 Rc5 25. Ke3 g5 26. hxg5 Rxe5 27. Kf4
Rc5 28. e5 Bd5 29. Rd6 a5 30. Kg3 b4 31. a4 c3 32. bxc3 Rxc3 33. Bb5+ Kf8 34.
Rd2 Kg7 35. Ra6 h4+ 36. Kxh4 Re3 37. f4 b3 38. cxb3 Rh8+ 39. Kg4 Be4 40. f5
Bxf5+ 41. Kf4 Rxb3 42. g3 Rh3 43. Rg2 Rh1 44. Rd6 Rb4+ 45. Ke3 Re1+ 46. Kf2
Rxe5 47. Kg1 Rb1+ 48. Kh2 Be4 49. Rg1 Rb2+ 50. Kh3 Rxg5 51. Rd4 Bf5+ 52. g4 Bg6
53. Kg3 Rc5 54. Rg2 Rc3+ 55. Kh2 Rbb3 56. Kg1 Re3 57. Kf2 Be4 58. Rh2 Bd5 59.
Be2 Rec3 60. Ke1 Rb2 61. Kf2 Bc4 62. Re4 Rcc2 63. Ke3 Rxe2+ 0-1

[Event "Lichtenberger Sommer 2024"]
[Site "Berlin"]
[Date "2024.08.13"]
[Round "4.46"]
[White "Baranowsky, Peter"]
[Black "Semahin, Volodymyr"]
[Result "0-1"]
[WhiteElo "1933"]
[BlackElo "1715"]
[PlyCount "70"]
[EventDate "2024.08.10"]
[WhiteTeam "SF Berlin 1903 e.V."]

1. c4 Nf6 2. g3 e5 3. Bg2 c6 4. d4 exd4 5. Qxd4 d5 6. Nc3 dxc4 7. Qxc4 Be6 8.
Qh4 Nbd7 9. Nf3 Be7 10. Bg5 Qa5 11. O-O O-O-O 12. Nd4 h6 13. Nxe6 hxg5 14. Qxg5
Nd5 15. Qxg7 Nxc3 16. bxc3 Qh5 17. h4 Rh7 18. Bf3 Rxg7 19. Bxh5 fxe6 20. Kg2
Bxh4 21. Rh1 Bf6 22. Rac1 Nc5 23. f3 Rd2 24. Kf2 Nd3+ 25. Ke3 Nxc1 26. Kxd2
Nxa2 27. Bg4 Kd7 28. c4 Nc3 29. Kd3 a5 30. Ra1 a4 31. Ra3 b5 32. cxb5 cxb5 33.
Rxc3 Bxc3 34. Kxc3 Kd6 35. Kb4 Rxg4+ 0-1

[Event "Lichtenberger Sommer 2024"]
[Site "Berlin"]
[Date "2024.08.13"]
[Round "4.47"]
[White "Schmidt, Jürgen"]
[Black "Mazurtsova, Margarita"]
[Result "1/2-1/2"]
[WhiteElo "1915"]
[BlackElo "1792"]
[PlyCount "99"]
[EventDate "2024.08.10"]
[WhiteTeam "SC Kreuzberg e.V."]
[BlackTeam "SC Kreuzberg e.V."]

1. e4 e6 2. d4 d5 3. exd5 exd5 4. Nf3 Bd6 5. Bd3 Ne7 6. O-O O-O 7. h3 c6 8. Re1
h6 9. Ne5 Bxe5 10. dxe5 Be6 11. Nd2 Nd7 12. c3 Nc5 13. Bc2 d4 14. cxd4 Qxd4 15.
Nf3 Qd7 16. Be3 Qxd1 17. Rexd1 Nd7 18. Bb3 Nd5 19. Bd2 Nc5 20. Bxd5 cxd5 21.
Nd4 a6 22. f4 Bd7 23. Bb4 Rac8 24. Bxc5 Rxc5 25. f5 Re8 26. Re1 Rc4 27. Rad1
Bc8 28. Rd2 b5 29. e6 Rc7 30. Re5 Bb7 31. Rde2 f6 32. R5e3 Kf8 33. Rd2 Ke7 34.
Rc2 Rec8 35. Rxc7+ Rxc7 36. g4 Rc1+ 37. Kf2 Rd1 38. Rc3 Kd6 39. e7 Kxe7 40.
Rc7+ Kd6 41. Nxb5+ axb5 42. Rxb7 Rd2+ 43. Ke3 Rxb2 44. Rxg7 Rxa2 45. Rf7 Ra3+
46. Kd4 Ra4+ 47. Ke3 Ra3+ 48. Kd4 Ra4+ 49. Ke3 Ra3+ 50. Kd4 1/2-1/2

[Event "Lichtenberger Sommer 2024"]
[Site "Berlin"]
[Date "2024.08.13"]
[Round "4.49"]
[White "Schulz, Jannis"]
[Black "Runge, David Pascal"]
[Result "1-0"]
[WhiteElo "1897"]
[BlackElo "1448"]
[PlyCount "65"]
[EventDate "2024.08.10"]
[WhiteTeam "Barnimer SF im SV Sta"]
[BlackTeam "SG Lasker Steglitz"]

1. d4 d5 2. Nf3 Nf6 3. e3 e6 4. Bd3 c5 5. b3 Nc6 6. Bb2 Be7 7. Nbd2 O-O 8. O-O
b6 9. a3 Bb7 10. Ne5 Qc7 11. f4 Nd7 12. Qh5 f5 13. Ndf3 Nf6 14. Qh3 Ne4 15. g4
Nxe5 16. Nxe5 Bd6 17. Nf3 c4 18. Bxe4 dxe4 19. Ng5 h6 20. Nxe6 Qd7 21. Nxf8
Rxf8 22. gxf5 Rxf5 23. Qh4 Qf7 24. bxc4 Ba6 25. Rf2 Bxc4 26. Rg2 Rh5 27. Qd8+
Bf8 28. Rd1 Kh7 29. d5 Rh3 30. Bd4 Qh5 31. Re1 Qf7 32. d6 Rf3 33. Qc7 1-0

[Event "Lichtenberger Sommer 2024"]
[Site "Berlin"]
[Date "2024.08.13"]
[Round "4.50"]
[White "Schmidt, Reinhard"]
[Black "Matitschka, Heinz"]
[Result "0-1"]
[WhiteElo "1574"]
[BlackElo "1892"]
[PlyCount "63"]
[EventDate "2024.08.10"]
[WhiteTeam "vereinslos"]
[BlackTeam "TSG Oberschöneweide e.V."]

1. e4 c5 2. Nf3 e6 3. c3 Nf6 4. e5 Nd5 5. d4 cxd4 6. cxd4 d6 7. Bb5+ Bd7 8.
Bxd7+ Nxd7 9. Bd2 Be7 10. Nc3 Nxc3 11. Bxc3 O-O 12. Qe2 Nb6 13. Ba5 Qd7 14.
Bxb6 axb6 15. O-O Rfc8 16. Nd2 Rc2 17. b3 dxe5 18. a4 Bb4 19. Rfd1 Qxd4 20. Qf3
Rxd2 21. Rxd2 Qxd2 22. Rd1 Qc2 23. h3 e4 24. Qe3 Qxd1+ 25. Kh2 Bd6+ 26. g3 Qf3
27. Qe1 Rd8 28. Qc1 Qxf2+ 29. Kh1 Qf3+ 30. Kh2 Bxg3+ 31. Kg1 Qf2+ 32. Kh1 0-1

[Event "Lichtenberger Sommer 2024"]
[Site "Berlin"]
[Date "2024.08.13"]
[Round "4.51"]
[White "Bandsom, Olaf"]
[Black "Albrecht, Constantin"]
[Result "0-1"]
[WhiteElo "1876"]
[BlackElo "1667"]
[PlyCount "60"]
[EventDate "2024.08.10"]
[WhiteTeam "SC Friesen Lichtenberg e.V."]
[BlackTeam "SV Empor Berlin e.V."]

1. e4 c5 2. Nf3 e6 3. c3 Nc6 4. d4 cxd4 5. Nxd4 e5 6. Nxc6 bxc6 7. Bc4 Nf6 8.
Bg5 Be7 9. Bxf6 Bxf6 10. O-O O-O 11. Qd3 Rb8 12. Bb3 Qa5 13. Qc2 d5 14. exd5
cxd5 15. Rd1 Bb7 16. Nd2 e4 17. Nf1 Rbd8 18. Ne3 Bg5 19. Qe2 f5 20. Qh5 Bxe3
21. fxe3 Rd6 22. c4 Rh6 23. Qe2 f4 24. exf4 Rxf4 25. Qe3 Qc7 26. cxd5 Qd6 27.
g3 Rf3 28. Qxe4 Rxg3+ 29. hxg3 Qxg3+ 30. Kf1 Rf6+ 0-1

[Event "Lichtenberger Sommer 2024"]
[Site "Berlin"]
[Date "2024.08.13"]
[Round "4.52"]
[White "Ali, Maha"]
[Black "Möller, Jared William"]
[Result "0-1"]
[WhiteElo "1527"]
[BlackElo "1991"]
[PlyCount "52"]
[EventDate "2024.08.10"]
[WhiteTeam "SC Kreuzberg e.V."]
[BlackTeam "SV Glück auf Rüdersdorf e.V."]

1. d4 d5 2. c4 e6 3. Nc3 c5 4. cxd5 cxd4 5. Qxd4 Nc6 6. Qd1 exd5 7. Qxd5 Qc7 8.
Qe4+ Be6 9. Bf4 Qb6 10. Na4 Bb4+ 11. Nc3 Nf6 12. Qe3 Bc5 13. Qf3 Nd4 14. Qd3
Rd8 15. e3 Nf3+ 16. Nxf3 Rxd3 17. Bxd3 Qxb2 18. O-O Qxc3 19. Bb5+ Bd7 20. Rfc1
Qa3 21. Bxd7+ Nxd7 22. Ne5 Nxe5 23. Bxe5 O-O 24. Rc3 Qa5 25. Rac1 b6 26. R1c2
Bb4 0-1

[Event "Lichtenberger Sommer 2024"]
[Site "Berlin"]
[Date "2024.08.13"]
[Round "4.53"]
[White "Costello, Colin"]
[Black "Pöltelt, Helmut"]
[Result "1-0"]
[WhiteElo "1956"]
[BlackElo "1764"]
[PlyCount "65"]
[EventDate "2024.08.10"]
[WhiteTeam "SC Zugzwang 95 e.V."]
[BlackTeam "SC Eintracht Berlin e.V."]

1. c4 c5 2. Nc3 Nc6 3. Nf3 e6 4. g3 d5 5. cxd5 exd5 6. d4 Nf6 7. Bg2 cxd4 8.
Nxd4 Nxd4 9. Qxd4 Be6 10. O-O Be7 11. Rd1 O-O 12. Bg5 Qc7 13. Rac1 Qc4 14. Nxd5
Qxd4 15. Nxe7+ Kh8 16. Rxd4 Rfe8 17. Bxf6 gxf6 18. Nd5 Red8 19. Rcd1 Kg7 20.
Nc7 Rxd4 21. Rxd4 Rc8 22. Nxe6+ fxe6 23. Rd7+ Kg6 24. Rxb7 a5 25. Be4+ f5 26.
Bd3 h6 27. g4 Rc5 28. gxf5+ exf5 29. Rb5 Rxb5 30. Bxb5 f4 31. a3 Kf5 32. b4
axb4 33. axb4 1-0

[Event "Lichtenberger Sommer 2024"]
[Site "Berlin"]
[Date "2024.08.13"]
[Round "4.54"]
[White "Oldenburg, Theo"]
[Black "Simcaks, Sergejs"]
[Result "1-0"]
[WhiteElo "1762"]
[BlackElo "1955"]
[PlyCount "55"]
[EventDate "2024.08.10"]
[WhiteTeam "SV Berolina Mitte e.V."]
[BlackTeam "SSC Graal-Müritz"]

1. e4 Nf6 2. e5 Nd5 3. c4 Nb6 4. d4 d6 5. f4 dxe5 6. fxe5 Bf5 7. Be3 e6 8. Bd3
Bxd3 9. Qxd3 c5 10. Nf3 Nc6 11. O-O cxd4 12. Bxd4 Bc5 13. Rd1 Bxd4+ 14. Nxd4
Nxd4 15. Qxd4 Nxc4 16. Qg4 Qb6+ 17. Kh1 Qxb2 18. Qxc4 Qxa1 19. Qb5+ Kf8 20.
Qxb7 Re8 21. Rd7 Qxe5 22. Rxf7+ Kg8 23. Nd2 Rf8 24. Rxf8+ Kxf8 25. Nf3 Qa1+ 26.
Ng1 Rg8 27. Qb8+ Kf7 28. Qc7+ 1-0

[Event "Lichtenberger Sommer 2024"]
[Site "Berlin"]
[Date "2024.08.13"]
[Round "4.55"]
[White "Scheide, Helmut"]
[Black "Krawatzki, Armin"]
[Result "1-0"]
[WhiteElo "1946"]
[BlackElo "1754"]
[PlyCount "79"]
[EventDate "2024.08.10"]
[WhiteTeam "USV Potsdam e.V., Abt. Schach"]
[BlackTeam "SVG Läufer Reinickendorf e.V."]

1. Nf3 Nf6 2. d4 d6 3. c4 g6 4. Nc3 Bg7 5. e4 O-O 6. Bg5 Na6 7. Be2 h6 8. Be3
c5 9. d5 Qa5 10. O-O Bg4 11. Nd2 Bxe2 12. Qxe2 Nd7 13. Rfc1 Nc7 14. a3 Ne8 15.
b4 Qd8 16. Nb3 b6 17. Rab1 a6 18. Qc2 Kh7 19. Ne2 Nef6 20. f3 Ng8 21. Ng3 Ndf6
22. bxc5 bxc5 23. Na5 Qc8 24. Nc6 e6 25. Rb3 exd5 26. cxd5 Nd7 27. f4 Re8 28.
Rcb1 Ngf6 29. Qd3 h5 30. h4 Ng4 31. Bd2 Bf6 32. Rb7 Bxh4 33. Ba5 Re7 34. Nxe7
Bxe7 35. Rc7 Qe8 36. Rbb7 Ngf6 37. e5 dxe5 38. Ne4 exf4 39. Nxf6+ Bxf6 40. Rxd7
1-0

[Event "Lichtenberger Sommer 2024"]
[Site "Berlin"]
[Date "2024.08.13"]
[Round "4.56"]
[White "Grassnickel, Lutz"]
[Black "Reiche, Henry"]
[Result "0-1"]
[WhiteElo "1757"]
[BlackElo "1945"]
[PlyCount "100"]
[EventDate "2024.08.10"]
[WhiteTeam "Schach Nienberge 2003 e. V."]
[BlackTeam "SG Weißensee 49 e.V."]

1. d4 Nf6 2. Nc3 d5 3. Bf4 c6 4. e3 e6 5. Nf3 Be7 6. Bd3 Nbd7 7. Ne5 a6 8. a4
c5 9. O-O c4 10. Be2 O-O 11. e4 dxe4 12. Bxc4 Nb6 13. Bg5 Nxc4 14. Nxc4 Qc7 15.
Qe2 h6 16. Bh4 Nd5 17. Bxe7 Nxc3 18. bxc3 Qxe7 19. Qxe4 Qc7 20. Qd3 b6 21. Rfb1
Rb8 22. Ne3 Rd8 23. Rb4 Bd7 24. c4 Bc6 25. c3 a5 26. Rb2 Qf4 27. f3 Qg5 28. Ng4
h5 29. Nf2 Qe7 30. Ne4 Qc7 31. Ng5 g6 32. Re2 Be8 33. Ne4 Qe7 34. Kf2 f5 35.
Ng3 Qf6 36. Qe3 Bf7 37. Qe5 Qxe5 38. Rxe5 Rdc8 39. c5 bxc5 40. Rxc5 Rxc5 41.
dxc5 Rc8 42. Rd1 Rxc5 43. Rd8+ Kg7 44. Ne2 e5 45. Rb8 Rc4 46. Rb5 Rxa4 47. Rxe5
Ra2 48. Rc5 a4 49. Kf1 a3 50. Nf4 Rb2 0-1

[Event "Lichtenberger Sommer 2024"]
[Site "Berlin"]
[Date "2024.08.13"]
[Round "4.57"]
[White "Mannaberg, Steffen"]
[Black "Schmidt, Fabian"]
[Result "0-1"]
[WhiteElo "1756"]
[BlackElo "1934"]
[PlyCount "102"]
[EventDate "2024.08.10"]
[WhiteTeam "vereinslos"]
[BlackTeam "SV Königsjäger Süd-West e.V."]

1. d3 d5 2. e4 dxe4 3. dxe4 Qxd1+ 4. Kxd1 Nc6 5. c3 Bd7 6. Be3 O-O-O 7. Kc2 Kb8
8. Nd2 Nf6 9. f3 e6 10. g4 Be7 11. Be2 h6 12. h4 Ne5 13. Nc4 Nxc4 14. Bxc4 Bc6
15. Bd3 Rd7 16. Ne2 e5 17. Ng3 Rhd8 18. Be2 Bf8 19. g5 Ng8 20. a4 g6 21. b4 b6
22. a5 h5 23. Rhb1 f6 24. Bc4 Be7 25. axb6 cxb6 26. b5 Bb7 27. Rd1 Bc8 28. Rxd7
Bxd7 29. Rd1 Kc7 30. Bf7 fxg5 31. hxg5 Rf8 32. Bxg6 Rxf3 33. Bf5 Bxb5 34. Bxb6+
axb6 35. Rg1 h4 36. Nh5 Ba4+ 37. Kd2 Rf2+ 38. Ke1 Bc5 39. Be6 Rf8 40. Rh1 Be8
41. Ng7 Bc6 42. Bf5 Ra8 43. Rxh4 Ra1+ 44. Kd2 Ra2+ 45. Kc1 Ba3+ 46. Kb1 Rb2+
47. Ka1 Rg2 48. Ne6+ Kd6 49. Rh8 Bd7 50. Rxg8 Bxe6 51. Rg6 Rg1# 0-1

[Event "Lichtenberger Sommer 2024"]
[Site "Berlin"]
[Date "2024.08.13"]
[Round "4.58"]
[White "Ruddat, Mathias"]
[Black "Schmidt, Dietrich"]
[Result "0-1"]
[WhiteElo "1744"]
[BlackElo "1932"]
[PlyCount "64"]
[EventDate "2024.08.10"]
[WhiteTeam "TSG Oberschöneweide e.V."]
[BlackTeam "SV Empor Berlin e.V."]

1. e4 c6 2. Nc3 d5 3. Qe2 d4 4. Nd1 e5 5. g3 Nf6 6. Bg2 c5 7. d3 Nc6 8. f4 Be7
9. f5 a6 10. a4 b6 11. g4 Bb7 12. g5 Nd7 13. Nf3 b5 14. O-O c4 15. dxc4 bxc4
16. Qxc4 Nb4 17. g6 O-O 18. gxh7+ Kxh7 19. Qe2 Rh8 20. c3 d3 21. Qd2 Nc2 22.
Rb1 Bxe4 23. Ne3 Bc5 24. Re1 Nxe1 25. Nxe1 Qg5 26. Ra1 Rad8 27. b4 Bxe3+ 28.
Qxe3 Qxe3+ 29. Bxe3 Bxg2 30. Kxg2 e4 31. c4 Ne5 32. c5 d2 0-1

[Event "Lichtenberger Sommer 2024"]
[Site "Berlin"]
[Date "2024.08.13"]
[Round "4.59"]
[White "Bunkens, Rudi"]
[Black "Reddi, Bhuvana"]
[Result "0-1"]
[WhiteElo "1739"]
[BlackElo "1927"]
[PlyCount "95"]
[EventDate "2024.08.10"]
[WhiteTeam "Koninklijke Gentse SK"]
[BlackTeam "SC Weisse Dame e.V."]

1. d4 Nf6 2. c4 g6 3. f3 Bg7 4. e4 d6 5. Ne2 Nbd7 6. Nec3 e5 7. d5 a5 8. Be3
O-O 9. Nd2 Nh5 10. Qc2 b6 11. O-O-O Nc5 12. g3 f5 13. Be2 f4 14. Bf2 Bd7 15. g4
Nf6 16. h4 Re8 17. Ndb1 Qe7 18. Na3 Reb8 19. Nab5 Bxb5 20. cxb5 Kf7 21. Kb1 Rg8
22. Bxc5 dxc5 23. d6 cxd6 24. Bc4+ Ke8 25. Bxg8 Nxg8 26. Nd5 Qb7 27. a4 h6 28.
Qc4 Kf8 29. Rd2 Rd8 30. Rhd1 Qa7 31. g5 h5 32. Nf6 Nxf6 33. gxf6 Bxf6 34. Rxd6
Rxd6 35. Rxd6 Bxh4 36. Qe6 Qf7 37. Rd8+ Bxd8 38. Qxe5 Qf6 39. Qd5 h4 40. e5
Qf5+ 41. Kc1 Ke7 42. Qd6+ Ke8 43. e6 Qf6 44. Qc6+ Kf8 45. Qd6+ Kg7 46. Qd7+ Kh6
47. Qe8 h3 48. Qd7 0-1

[Event "Lichtenberger Sommer 2024"]
[Site "Berlin"]
[Date "2024.08.13"]
[Round "4.60"]
[White "Manthe, Joern Horst"]
[Black "Mayer, Herbert"]
[Result "0-1"]
[WhiteElo "1437"]
[BlackElo "1802"]
[PlyCount "58"]
[EventDate "2024.08.10"]
[WhiteTeam "vereinslos"]
[BlackTeam "SSV Rotation Berlin e.V."]

1. d4 f5 2. Nf3 Nf6 3. Nc3 g6 4. Bg5 Bg7 5. g3 c6 6. h3 d6 7. Bg2 O-O 8. Qd2
Ne4 9. Nxe4 fxe4 10. Nh4 Qb6 11. b3 Qxd4 12. Qxd4 Bxd4 13. O-O-O Bf6 14. Bxf6
Rxf6 15. Bxe4 d5 16. Bd3 e5 17. e4 Rxf2 18. Rd2 Rxd2 19. Kxd2 Nd7 20. Nf3 dxe4
21. Bxe4 Nc5 22. Ke3 Bf5 23. Bxf5 gxf5 24. Nxe5 Re8 25. Kf4 Ne4 26. Rh2 Rf8 27.
Nd7 Rd8 28. Re2 Rxd7 29. Kxf5 Nxg3+ 0-1

[Event "Lichtenberger Sommer 2024"]
[Site "Berlin"]
[Date "2024.08.13"]
[Round "4.61"]
[White "Kellner, Rene"]
[Black "Meister, Alexander"]
[Result "1/2-1/2"]
[WhiteElo "1734"]
[BlackElo "1925"]
[PlyCount "57"]
[EventDate "2024.08.10"]
[WhiteTeam "Potsdamer SV Mitte e.V."]
[BlackTeam "vereinslos"]

1. c4 e6 2. e4 c6 3. Nc3 Ne7 4. d4 d5 5. Nf3 dxe4 6. Nxe4 Ng6 7. Bg5 Be7 8.
Bxe7 Qxe7 9. Qd2 O-O 10. h4 Rd8 11. h5 Nf8 12. O-O-O b6 13. g4 c5 14. g5 Bb7
15. Bd3 Nbd7 16. Qf4 Bxe4 17. Bxe4 Rac8 18. g6 f5 19. gxh7+ Kh8 20. h6 g6 21.
Bc2 cxd4 22. Qxd4+ Qf6 23. Qe3 Nxh7 24. Rd6 Ndf8 25. Rhd1 Kg8 26. Rxd8 Rxd8 27.
Rxd8 Qxd8 28. Qe5 Qe7 29. Nd4 1/2-1/2

[Event "Lichtenberger Sommer 2024"]
[Site "Berlin"]
[Date "2024.08.13"]
[Round "4.62"]
[White "Jeß, Arne"]
[Black "Zesewitz, Marco"]
[Result "1-0"]
[WhiteElo "1918"]
[BlackElo "1689"]
[PlyCount "111"]
[EventDate "2024.08.10"]
[WhiteTeam "TSG Rot-Weiß Fredersdorf/Vogelsd"]
[BlackTeam "SV SF Friedrichshagen"]

1. e4 Nf6 2. Nc3 d5 3. e5 d4 4. Nce2 Ng4 5. f4 Nc6 6. Nf3 Bf5 7. Ng3 Qd7 8. h3
Nh6 9. d3 f6 10. Qe2 e6 11. Bd2 Nb4 12. Bxb4 Bxb4+ 13. Kf2 O-O-O 14. a3 Be7 15.
Re1 fxe5 16. Nxe5 Qd5 17. Ne4 Rdf8 18. Kg1 g5 19. Nxg5 Rhg8 20. Nef3 Rg6 21.
Nh4 Rfg8 22. Nxg6 Rxg6 23. Qe5 Qc6 24. Qe2 Bxg5 25. fxg5 Rxg5 26. Kh2 Bxh3 27.
Kg1 Bg4 28. Qd2 Nf7 29. Rxh7 Rf5 30. Rg7 Bf3 31. Be2 Bd5 32. Rf1 Rxf1+ 33. Bxf1
e5 34. Qf2 Qe8 35. Qg3 Kd7 36. Be2 Qf8 37. Qxe5 Kc6 38. Qxd4 Qe8 39. Qf2 Ne5
40. Qf6+ Kc5 41. Rxc7+ Nc6 42. Qf2+ Kd6 43. Rh7 Qg6 44. Rh3 Nd4 45. Bd1 Kc6 46.
c3 Nf5 47. c4 Be6 48. Ba4+ Kd6 49. Qf4+ Ke7 50. Rf3 Qf6 51. Rf2 Qh8 52. Qc7+
Kf6 53. d4 Qh6 54. Qe5+ Kf7 55. d5 Bc8 56. d6 1-0

[Event "Lichtenberger Sommer 2024"]
[Site "Berlin"]
[Date "2024.08.13"]
[Round "4.63"]
[White "Grassi, Fabrizio"]
[Black "Varazi, Maxime"]
[Result "1/2-1/2"]
[WhiteElo "1907"]
[BlackElo "1689"]
[PlyCount "51"]
[EventDate "2024.08.10"]
[WhiteTeam "SV Berlin-Friedrichstadt"]
[BlackTeam "SV Empor Berlin e.V."]

1. d4 Nf6 2. Bf4 e6 3. e3 c5 4. c3 Nc6 5. Nd2 d5 6. Bd3 h6 7. h3 Bd6 8. Bxd6
Qxd6 9. f4 cxd4 10. cxd4 Bd7 11. a3 O-O 12. Ngf3 Rac8 13. O-O a6 14. Nb3 Na7
15. Nc5 Rc7 16. Qe2 Bb5 17. Ne5 Bxd3 18. Qxd3 a5 19. Rac1 Rfc8 20. Qb1 b6 21.
Ncd3 Ne4 22. Rfd1 Rxc1 23. Rxc1 Rxc1+ 24. Qxc1 f6 25. Nf3 Qc6 26. Qxc6 1/2-1/2

[Event "Lichtenberger Sommer 2024"]
[Site "Berlin"]
[Date "2024.08.13"]
[Round "4.64"]
[White "Matiashvili, Alexander Michael"]
[Black "Kaplan, Arne"]
[Result "1-0"]
[WhiteElo "1892"]
[BlackElo "1687"]
[PlyCount "71"]
[EventDate "2024.08.10"]

1. e4 c5 2. Nf3 d6 3. d4 cxd4 4. Nxd4 Nf6 5. Nc3 a6 6. f3 e5 7. Nb3 Be6 8. Be3
Be7 9. Qd2 Nbd7 10. O-O-O O-O 11. Nd5 Bxd5 12. exd5 b5 13. g4 Nb6 14. Bxb6 Qxb6
15. Na5 Rfc8 16. b4 Nd7 17. h4 Qc7 18. Kb2 Nb6 19. g5 Nc4+ 20. Bxc4 bxc4 21. c3
Rab8 22. Nc6 Rb6 23. Qe2 Bf8 24. Qxc4 a5 25. a4 axb4 26. cxb4 Qb7 27. b5 Ra6
28. Kc2 Raa8 29. Ra1 Qa7 30. Nxa7 Rxc4+ 31. Kb3 Rc5 32. Nc6 Rxd5 33. Rhd1 Rc5
34. Rac1 f6 35. Rxc5 dxc5 36. a5 1-0

[Event "Lichtenberger Sommer 2024"]
[Site "Berlin"]
[Date "2024.08.13"]
[Round "4.65"]
[White "Gehrke, Karsten"]
[Black "Pruner, Ulf"]
[Result "1-0"]
[WhiteElo "1890"]
[BlackElo "1676"]
[PlyCount "77"]
[EventDate "2024.08.10"]
[WhiteTeam "SV Mattnetz Berlin e.V."]
[BlackTeam "SF Berlin 1903 e.V."]

1. c4 f5 2. Nc3 Nf6 3. g3 g6 4. Bg2 Bg7 5. e4 fxe4 6. Nxe4 O-O 7. Ne2 Nxe4 8.
Bxe4 c6 9. O-O d6 10. Bg2 e5 11. d4 Bg4 12. dxe5 Bxe5 13. Be3 Qe7 14. Qc2 Bf5
15. Qd2 Be6 16. Rac1 Na6 17. Nd4 Bf7 18. Nf3 Bf6 19. Rfe1 Qd8 20. Ng5 Qc7 21.
Nxf7 Rxf7 22. Bf4 Qb6 23. Bh3 Kh8 24. Be6 Rff8 25. Bxd6 Rad8 26. Qf4 Rxd6 27.
Qxd6 Qxf2+ 28. Kxf2 Be7+ 29. Qf4 Rxf4+ 30. gxf4 Bh4+ 31. Kf3 Nc5 32. Re3 a5 33.
Rd1 Bf6 34. Bc8 b6 35. Bd7 Na6 36. Bxc6 Kg7 37. Rd7+ Kh6 38. Rf7 Bxb2 39. Ree7
1-0

[Event "Lichtenberger Sommer 2024"]
[Site "Berlin"]
[Date "2024.08.13"]
[Round "4.66"]
[White "Lieder, Guenter"]
[Black "Bradschetl, Tom"]
[Result "0-1"]
[WhiteElo "1878"]
[BlackElo "1662"]
[PlyCount "138"]
[EventDate "2024.08.10"]
[WhiteTeam "SG WiHeil"]
[BlackTeam "SG NARVA Berlin e.V."]

1. e4 d5 2. exd5 Qxd5 3. Nc3 Qa5 4. Bc4 Nf6 5. d3 c6 6. Nf3 Bf5 7. Bd2 e6 8. a3
Qc7 9. h3 Bd6 10. Qe2 Nbd7 11. Bb3 Nb6 12. g4 Bg6 13. O-O-O O-O-O 14. Rhg1 Nfd5
15. Nxd5 exd5 16. Nh4 Bf4 17. Ng2 Bxd2+ 18. Qxd2 Rde8 19. f4 f6 20. f5 Bf7 21.
Qf2 Kb8 22. Rde1 Nd7 23. d4 Nb6 24. Nf4 Qd7 25. Nd3 Nc8 26. Nc5 Qd6 27. Kb1 b6
28. Nd3 Qc7 29. Rxe8 Rxe8 30. Re1 Nd6 31. Rxe8+ Bxe8 32. Qf3 Ne4 33. Ka2 Qh2
34. Qf4+ Qxf4 35. Nxf4 Bf7 36. c3 Nf2 37. Bc2 Kc7 38. Kb1 g5 39. fxg6 hxg6 40.
Kc1 g5 41. Nh5 Nxh3 42. Nxf6 Be6 43. Bf5 Kd6 44. Kd2 Ke7 45. Nh5 Nf2 46. Ng3
Nxg4 47. Bxg4 Bxg4 48. Ke3 Ke6 49. Kf2 c5 50. Ke3 Bd1 51. Kd3 c4+ 52. Ke3 Kf6
53. Kd2 Bf3 54. Ke3 Bd1 55. Kd2 Ba4 56. Ke3 Bd7 57. Kf2 g4 58. Ke3 Kg5 59. Ne2
Bf5 60. Nf4 Be4 61. Ne6+ Kh4 62. Kf2 g3+ 63. Kg1 Kg4 64. Nc7 Kf3 65. Nb5 a5 66.
Nd6 Ke3 67. Nc8 Kd3 68. Nxb6 Kc2 69. Na4 Bf3 0-1

[Event "Lichtenberger Sommer 2024"]
[Site "Berlin"]
[Date "2024.08.13"]
[Round "4.67"]
[White "Hauer, Benno"]
[Black "Kohlmeyer, Dagobert"]
[Result "0-1"]
[WhiteElo "1733"]
[BlackElo "1872"]
[PlyCount "88"]
[EventDate "2024.08.10"]
[WhiteTeam "SVG Saarbrücken 1970 e.V."]
[BlackTeam "SG Weißensee 49 e.V."]

1. e4 e6 2. d4 d5 3. Nd2 c5 4. exd5 exd5 5. Bb5+ Nc6 6. Ngf3 Bd6 7. dxc5 Bxc5
8. Ne5 Bd7 9. Nxd7 Qxd7 10. Nf3 Qe6+ 11. Qe2 Qxe2+ 12. Bxe2 Nf6 13. O-O O-O 14.
Bf4 Rfe8 15. Bd3 a6 16. c3 b5 17. a3 Bb6 18. h3 Na5 19. Nd2 Nc4 20. Nxc4 dxc4
21. Bc2 Re2 22. Rac1 Rae8 23. Bg3 Ne4 24. Bxe4 R8xe4 25. Rcd1 Re6 26. Rd6 Rxd6
27. Bxd6 Rxb2 28. Rd1 h6 29. Bg3 Bc5 30. Rd8+ Kh7 31. Rd7 Kg6 32. Rc7 Bxa3 33.
Rc6+ f6 34. Rxa6 Rb1+ 35. Kh2 Bc1 36. Rb6 Bd2 37. Be5 Kf5 38. Bd4 Rb3 39. Rb7
Kg6 40. f3 Bf4+ 41. Kg1 Bg3 42. Kf1 h5 43. Ke2 Rb2+ 44. Ke3 Kf5 0-1

[Event "Lichtenberger Sommer 2024"]
[Site "Berlin"]
[Date "2024.08.13"]
[Round "4.68"]
[White "Schacht, Thomas"]
[Black "Skowronski, Peter"]
[Result "1/2-1/2"]
[WhiteElo "1704"]
[BlackElo "1863"]
[PlyCount "64"]
[EventDate "2024.08.10"]
[WhiteTeam "BSV 63 Chemie Weißensee"]
[BlackTeam "vereinslos"]

1. d4 g6 2. e4 Bg7 3. Nc3 d6 4. Nf3 Nd7 5. Be3 e6 6. Qd2 b6 7. O-O-O c5 8. g4
Bb7 9. dxc5 Nxc5 10. Bb5+ Ke7 11. Bg5+ f6 12. Bf4 Nxe4 13. Nxe4 Bxe4 14. Qe3 d5
15. Nd4 Kf7 16. f3 e5 17. Nc6 Qd6 18. Bg3 Bh6 19. f4 Bxh1 20. g5 exf4 21. Bxf4
Qxf4 22. Qxf4 Bxg5 23. Qxg5 fxg5 24. Rxh1 Nf6 25. Rf1 Kg7 26. Nd4 a6 27. Bc6
Ra7 28. Ne6+ Kf7 29. Bxd5 Rd7 30. Nxg5+ Ke7 31. Nf7 Re8 32. Bc6 Kxf7 1/2-1/2

[Event "Lichtenberger Sommer 2024"]
[Site "Berlin"]
[Date "2024.08.13"]
[Round "4.69"]
[White "Özates, Mert"]
[Black "Zesewitz, Uwe"]
[Result "1-0"]
[WhiteElo "1854"]
[BlackElo "1629"]
[PlyCount "47"]
[EventDate "2024.08.10"]
[WhiteTeam "SG NARVA Berlin e.V."]
[BlackTeam "SV SF Friedrichshagen"]

1. e4 d6 2. d4 Nf6 3. Nc3 c6 4. f4 Qa5 5. Bd3 Bg4 6. Qd2 b5 7. f5 d5 8. e5 Ne4
9. Nxe4 Qxd2+ 10. Nxd2 e6 11. fxe6 Bxe6 12. Ne2 c5 13. Bxb5+ Bd7 14. Bxd7+ Nxd7
15. c3 Be7 16. O-O O-O 17. Nf3 c4 18. Bg5 f6 19. exf6 Nxf6 20. Nf4 h6 21. Bxf6
Bxf6 22. Nxd5 Bd8 23. Ne5 Rxf1+ 24. Rxf1 1-0

[Event "Lichtenberger Sommer 2024"]
[Site "Berlin"]
[Date "2024.08.13"]
[Round "4.70"]
[White "Sklorz, Tobias"]
[Black "Goldmann, Nils"]
[Result "1-0"]
[WhiteElo "1843"]
[BlackElo "1611"]
[PlyCount "65"]
[EventDate "2024.08.10"]
[WhiteTeam "TSV Mariendorf 1897"]
[BlackTeam "vereinslos"]

1. e4 e6 2. d4 d5 3. e5 c5 4. c3 Nc6 5. Nf3 Qb6 6. a3 Bd7 7. b4 cxd4 8. cxd4
Rc8 9. Bb2 Nge7 10. Nc3 a6 11. Na4 Qa7 12. Bd3 Ng6 13. g3 Be7 14. h4 h5 15. Nc5
Bxc5 16. dxc5 Nge7 17. Ng5 Nf5 18. O-O b6 19. Bxf5 exf5 20. Qxd5 O-O 21. cxb6
Qb7 22. e6 fxe6 23. Nxe6 Bxe6 24. Qxe6+ Rf7 25. Rac1 f4 26. gxf4 Ne7 27. Rxc8+
Nxc8 28. Bd4 Ne7 29. Bc5 Nf5 30. f3 Nxh4 31. Qe8+ Rf8 32. Qxf8+ Kh7 33. Bd4 1-0